书目信息 |
| 题名: |
英语常用外来语双解词典
|
|
| 作者: | 许家金 主编 | |
| 分册: | ||
| 出版信息: | 合肥 安徽科学技术出版社 2005.01 |
|
| 页数: | 286页 | |
| 开本: | 19cm | |
| 丛书名: | ||
| 单 册: | ||
| 中图分类: | H313.5-61 | |
| 科图分类: | ||
| 主题词: | 英语--ying yu--外来语--双解词典 | |
| 电子资源: | ||
| ISBN: | 7-5337-3088-7 | |
| 000 | 01089nam0 2200241 450 | |
| 001 | 012006905755 | |
| 005 | 20061129153238.34 | |
| 010 | @a7-5337-3088-7@dCNY14.00 | |
| 100 | @a20061029d2005 km y0chiy0120 ea | |
| 101 | 0 | @achi@aeng |
| 102 | @aCN@b340000 | |
| 105 | @ay ae 000yy | |
| 200 | 1 | @a英语常用外来语双解词典@Aying yu chang yong wai lai yu shuang jie ci dian@d= A Bilingual Dictionary of Frequently Used Foreign Words and Phrases in English@f许家金主编@Fxu jia jin zhu bian@zeng |
| 210 | @a合肥@c安徽科学技术出版社@d2005.01 | |
| 215 | @a286页@d19cm | |
| 320 | @a有书目。 | |
| 330 | @a本词典共收英语常用外来词1000多条;每个词条附有使用频率;在开始部分还包括一个关于英语外来词的中文介绍,包括英语中的外来词进入英语的大致情况,以及外来的拼写、发音,使用的场合、文体等问题。书后附上了生活中常用的英语外来词。 | |
| 510 | 1 | @aBilingual Dictionary of Frequently Used Foreign Words and Phrases in English@zeng |
| 606 | 0 | @a英语@Aying yu@x外来语@j双解词典 |
| 690 | @aH313.5-61@v4 | |
| 701 | 0 | @a许家金@Axu jia jin@4主编 |
| 801 | 0 | @aCN@c20061129 |
| 905 | @a10447@dH313.5-61@eX872 | |
| 英语常用外来语双解词典= A Bilingual Dictionary of Frequently Used Foreign Words and Phrases in English/许家金主编.-合肥:安徽科学技术出版社,2005.01 |
| 286页;19cm |
| ISBN 7-5337-3088-7:CNY14.00 |
| 本词典共收英语常用外来词1000多条;每个词条附有使用频率;在开始部分还包括一个关于英语外来词的中文介绍,包括英语中的外来词进入英语的大致情况,以及外来的拼写、发音,使用的场合、文体等问题。书后附上了生活中常用的英语外来词。 |
| ● |
| 相关链接 |
|
|
|
正题名:英语常用外来语双解词典
索取号:H313.5-61/X872
 
预约/预借
| 序号 | 登录号 | 条形码 | 馆藏地/架位号 | 状态 | 备注 |
| 1 | 224793 | 202247933 | 语言库209/209语言库 34排4列4层/ [索取号:H313.5-61/X872] | 在馆 | |
| 2 | 224794 | 202247942 | 语言库209/209语言库 34排4列4层/ [索取号:H313.5-61/X872] | 在馆 | |
| 3 | 224795 | 202247951 | 语言库209/209语言库 34排4列4层/ [索取号:H313.5-61/X872] | 在馆 |